000 00293nam a2200109Ia 4500
008 200302s9999 xx 000 0 und d
100 _aHywel G. Harris
245 _a390 Traditional Stained Glass Designs
260 _bDover Publication Inc mineola /New York
260 _c1996
300 _a78 P.,
999 _c4230
_d4230